000 00423nam a2200181Ia 4500
005 20250603145425.0
008 250603s9999 xx 000 0 und d
020 _a9786782249
050 _aPN 4781 .E85/
100 _aEsimokha, Godwin
245 0 _aNews writing and reporting
260 _aLagos
260 _bGreat Achievers Communications
260 _c2011
300 _a140 p
650 _aLagos
942 _cBK
999 _c41816
_d41816